| 000 | 01113cam a22003255a 4500 | ||
|---|---|---|---|
| 001 | 17950786 | ||
| 005 | 20201128021450.0 | ||
| 008 | 131122s2014 enk b f001 0 eng | ||
| 020 | _a9781107036192 (hardback) | ||
| 020 | _a9781107621176 (pbk.) | ||
| 040 |
_aDLC _beng _cDLC _dEG-ScBUE |
||
| 050 | 0 | 0 |
_aHD30.28 _b.S6385 2014 |
| 082 | 0 | 4 |
_a658.45 _222 _bSPE |
| 100 | 1 |
_aSpender, J.-C. _938386 |
|
| 245 | 1 | 0 |
_aStrategic conversations : _bcreating and directing the entrepreneurial workforce / _cJ. C. Spender, Bruce A. Strong. |
| 260 |
_aCambridge : _bCambridge University Press, _c2014. |
||
| 300 |
_axvi, 238 p. : _bill. ; _c24 cm. |
||
| 500 | _aIndex : p. 228-238. | ||
| 504 | _aBibliography : p. 211. | ||
| 650 | 7 |
_aStrategic planning. _2BUEsh _91643 |
|
| 650 | 0 |
_aHuman capital _xManagement. _2BUEsh |
|
| 650 | 7 |
_aKnowledge management. _2BUEsh _912057 |
|
| 650 | 7 |
_aOrganizational behavior. _2BUEsh _94617 |
|
| 651 | _2BUEsh | ||
| 653 |
_bBUSADM _bBUSBOL _cAugust2015 |
||
| 655 |
_vreading book _934232 |
||
| 650 | 7 |
_9891 _aOrganizational effectiveness _2BUEsh |
|
| 700 | 1 | _aStrong, Bruce A. | |
| 942 | _2ddc | ||
| 999 |
_c20439 _d20411 |
||